000 00580nam a2200193Ia 4500
005 20260120131818.0
008 008 260114s9999 xx 000 0 eng d
020 _a9781383042528
037 _aEBOOK
040 _aCRL
_beng
_cCRL
041 _aeng
_2eng
084 _qCRL
100 _aPotter
_9931502
245 0 _aBoys in Khaki, Girls in Print: Womens Literary Responses to the Great War 1914-1918
260 _bOxford University PressOxford University Press
_c2023
856 _uhttps://academic.oup.com/book/48437
942 _cEBOOK
999 _c1523424
_d1523424